Loading...
| History - World | 0 | 2 | 0 | 0 | 20 | 15 | 57.00 | 0 | 1 | 11.70 | 10.42 |
| Mythology | 0 | 2 | 0 | 0 | 20 | 60 | 77.00 | 0 | 0 | 6.30 | 8.52 |
| Science - Chemistry | 0 | 2 | 0 | 1 | 20 | 96 | 100.00 | 0 | 0 | 0.00 | 2.18 |
| Literature - British | 0 | 2 | 0 | 0 | 20 | 64 | 68.00 | 0 | 0 | 9.96 | 11.84 |
| History - American | 0 | 2 | 0 | 0 | 20 | 57 | 57.50 | 0 | 0 | 11.50 | 11.46 |
| History - Other | 0 | 2 | 1 | 0 | 15 | 66 | 67.50 | 0 | 0 | 8.82 | 10.42 |
| Philosophy | 0 | 1 | 0 | 1 | 10 | 106 | 106.00 | 0 | 0 | 0.00 | 1.39 |
| Popular Culture | 0 | 1 | 0 | 0 | 10 | 48 | 48.00 | 0 | 0 | 14.47 | 11.36 |
| Current Events | 0 | 1 | 0 | 0 | 10 | 65 | 65.00 | 0 | 0 | 7.13 | 7.27 |
| Geography | 0 | 1 | 0 | 0 | 10 | 58 | 58.00 | 1 | 1 | 12.17 | 25.00 |
| Literature - European | 0 | 1 | 0 | 0 | 10 | 31 | 31.00 | 0 | 1 | 9.19 | 10.42 |
| Fine Arts - Other | 0 | 1 | 0 | 1 | 10 | 118 | 118.00 | 0 | 0 | 0.00 | 1.04 |
| Literature - American | 0 | 1 | 1 | 0 | 5 | 43 | 43.00 | 0 | 1 | 7.79 | 11.46 |
| Religion | 0 | 1 | 1 | 0 | 5 | 97 | 97.00 | 0 | 0 | 0.00 | 1.04 |
| Fine Arts - Painting and Sculpture | 0 | 0 | 0 | 0 | 0 | 0.00 | 0 | 0 | 0.00 | 0.00 | |
| Science - Other | 0 | 0 | 1 | 0 | -5 | 0.00 | 0 | 0 | 0.00 | 0.00 | |
| History - European | 0 | 0 | 1 | 0 | -5 | 0.00 | 0 | 0 | 0.00 | 0.00 |